000 nam a22 7a 4500
999 _c28579
_d28578
003 OSt
005 20170525211053.0
008 170525b xxu||||| |||| 00| 0 eng d
020 _a1845200551
040 _aMMU
_beng
_cMMU
_dMMU
050 _aDS485 .B85L4 2004
245 _aPolitical system of highland Burma:
_ba study of kachin social structure /
_cE R. Leach
260 _aNew York :
_bBerg,
_c2004
300 _a324 p.:
_bill .;
500 _aIncludes index
650 _aPolitical system
942 _2lcc
_cLOAN LOAN